| 000 | 00648nam a2200241 4500 | ||
|---|---|---|---|
| 003 | OSt | ||
| 005 | 20260601171017.0 | ||
| 008 | 260508b2002\\\\|||a||||\||||\00|\0\eng\d | ||
| 020 | _a3823855727 | ||
| 040 |
_aICI _bspa _cICI _erda |
||
| 041 | _aeng | ||
| 050 |
_aNA2970 _b.S73 2002 |
||
| 100 | _eautor | ||
| 245 | _aStaircases | ||
| 264 |
_aBarcelona, España _bTe Neues Pub Group _c2002 |
||
| 300 | _a400 páginas | ||
| 336 |
_2rdacontent _atexto |
||
| 337 |
_2rdamedia _asin medio |
||
| 338 |
_2rdacarrier _avolumen |
||
| 650 |
_aEscaleras _xDiseño y construcción. _934178 |
||
| 700 |
_aMatthew Clarke _etraductor _934179 |
||
| 942 |
_2lcc _n1 _cB |
||
| 999 |
_c20753 _d20753 |
||